000 01232nam a2200277 a 4500
001 46073
003 BD-RjUL
005 20211209054114.0
008 160730s1964 bg ||||| |||| 00| 0 ben d
020 _c: PRs. 8.00 (V-1)
020 _c: PRs. 8.00 (V-3)
035 _a(BD-RjUL)46191
040 _aBD-RjUL
_bben
_cBD-RjUL
041 _aben
082 _223
_a297.1254106
_bFAB 1964
100 1 _aফরিদপুরী, শামছুল হক
_9237733
245 1 0 _aবোখারী শরীফ :
_b(বাংলা তরজমা ও বিস্তারিত ব্যা্খ্যা) /
_cশামছুল হক ফরিদপুরী , আজিজুল হক
250 _a৫ম সং.
260 _aঢাকা :
_bহামিদিয়া লাইব্র্রেরী,
_c১৯৬৪
300 _aখণ্ড ;
_c২২ সেমি.
505 0 _aখণ্ড ১ -- খণ্ড ৩ --
650 _aহাদীস, বুখারী
_xবঙ্গানুবাদ ও ব্যাখা
_9237734
650 _aHadith, Bukhari
_xTranslation abd Interpretation
_9237735
700 _aহক, আজিজুল, যুগ্ম অনুবাদক
_9237742
942 _2ddc
_cBK
999 _c46073
_d46073